| 000 | 00517nam a22001937a 4500 | ||
|---|---|---|---|
| 003 | SISC | ||
| 005 | 20160302085317.0 | ||
| 008 | 130815t xxu||||| |||| 00| 0 eng d | ||
| 020 | _a0-571-17566-x | ||
| 050 |
_aPR 6058 _b.H893 1995 |
||
| 082 |
_aHS 291.24 _bH87 1995 |
||
| 100 |
_aHughes, Ted _911019 |
||
| 245 |
_aThe dreamfighter and other creation tales / _cTed Hughes. |
||
| 260 |
_aLondon : _bFaber & Faber, _c1995. |
||
| 300 |
_a150 p. ; _c20 cm. |
||
| 650 |
_aFiction _9746 |
||
| 942 |
_2lcc _cBK |
||
| 999 |
_c8762 _d8762 |
||